000
00281nam a22001217a 4500
008
171025b xxu||||| |||| 00| 0 eng d
041
_a
eng
080
_2
3 ED
_a
311
100
_a
55
101
_a
STA
245
_a
BASIC STATISTICAL ANALYGSIS
_c
RICHARD.C.S
942
_2
udc
_c
BK
999
_c
35962
_d
35962